Perspectivas de la ciencia cognitiva
Saved in:
| Main Author: | |
|---|---|
| Format: | Book |
| Language: | Spanish |
| Published: |
Barcelona
Paidós
1987
|
| Series: | Biblioteca Cognición y Desarrollo Humano, 5
|
| Subjects: | |
| Tags: |
Add Tag
No Tags, Be the first to tag this record!
|
MARC
| LEADER | 00000nam a2200000 a 4500 | ||
|---|---|---|---|
| 001 | UCT0325 | ||
| 003 | CL-VaPUC | ||
| 008 | 960830e19870000SP |||||||||||||||||spa|d | ||
| 082 | 0 | 4 | |a 006.3 |b NOR |2 21 |
| 100 | |a Norman, Donald A. |e autor |9 339952 | ||
| 245 | 1 | 0 | |a Perspectivas de la ciencia cognitiva |
| 300 | |a 358 p | ||
| 942 | |c BK | ||
| 945 | |d 19960830 00:00:00 |a rleighto | ||
| 260 | |a Barcelona |b Paidós |c 1987 | ||
| 650 | 7 | |a CIENCIA COGNITIVA |2 CL-VaPUC |9 324284 | |
| 650 | 0 | |a Lenguaje |9 265069 | |
| 650 | 0 | |a Memoria |9 266549 | |
| 650 | 7 | |a INTELIGENCIA ARTIFICIAL |2 CL-VaPUC |9 368962 | |
| 583 | |a last modification |c 19960830 00:00:00 |k Rodrigo Vera | ||
| 490 | 0 | |a Biblioteca Cognición y Desarrollo Humano, 5 | |
| 999 | |c 251353 |d 251351 | ||
| 952 | |0 0 |1 0 |4 0 |6 006_300000000000000_NOR_1987 |7 0 |8 A |9 270460 |a BIBEDU |b BIBEDU |d 2019-11-19 |i 3225879 |o 006.3 NOR 1987 |p 3225879 |r 2019-11-19 |w 2019-11-19 |y BK |k EDU | ||
| 952 | |0 0 |1 0 |4 0 |6 006_300000000000000_NOR_1987 |7 0 |8 A |9 270461 |a FDOPOS |b BIBEDU |d 2019-11-19 |i 3689239 |l 1 |o 006.3 NOR 1987 |p 3689239 |r 2025-01-22 |s 2024-09-04 |w 2019-11-19 |y BK |k MLA | ||